Central Library OPAC University of Rajshahi

Ecobiology, Fishery, Nutritional Composition and Lipoytic Properties of Mugil Parsia Harvested from Suthern Region of Bangladesh / (Record no. 79902)

MARC details
000 -LEADER
fixed length control field 01075nam a2200253 a 4500
001 - CONTROL NUMBER
RUCL Control Number 79902
003 - CONTROL NUMBER IDENTIFIER
rucl marc code BD-RjUL
005 - DATE AND TIME OF LATEST TRANSACTION
control field 20230201101229.0
008 - FIXED-LENGTH DATA ELEMENTS--GENERAL INFORMATION
fixed length control field 220602s2005 bg a|||| m||| 00| 0 eng d
035 ## - SYSTEM CONTROL NUMBER
system control number (BD-RjUL)79902
040 ## - CATALOGING SOURCE
Original cataloging agency BD-RjUL
Language of cataloging eng
Transcribing agency BD-RjUL
Modifying agency BD-RjUL
041 ## - LANGUAGE CODE
Language code of Book eng
082 ## - DEWEY DECIMAL CLASSIFICATION NUMBER
Classification number 597.17
Author mark and Year ISE 2005
DDC Edition number 23
100 ## - MAIN ENTRY--PERSONAL NAME
Personal name Islam, Mohammad Amirul
9 (RLIN) 3387
245 01 - TITLE STATEMENT
Title Ecobiology, Fishery, Nutritional Composition and Lipoytic Properties of Mugil Parsia Harvested from Suthern Region of Bangladesh /
Statement of responsibility, etc Mohammad Amirul Islam ;
Name of Supervisor/Co-Supervisor Supervisor : Nurul Absar, Supervision : N.I.M. Abdus Salam Bhuiyan,
260 ## - PUBLICATION, DISTRIBUTION, ETC. (IMPRINT)
Place of publication, distribution, etc Rajshahi :
Name of publisher, distributor, etc Institute of Biological Sciences, University of Rajshahi,
Date of publication, distribution, etc 2005
300 ## - PHYSICAL DESCRIPTION
Pagination [20], 179 Leaves :
Other physical details ill, ;
Dimensions 29 cm.
502 ## - DISSERTATION NOTE
Dissertation note Thesis (Ph. D.) -- Institute of Biological Sciences, University of Rajshahi, 2005
504 ## - BIBLIOGRAPHY, ETC. NOTE
Bibliography, etc References : Leaves [168]-179
650 ## - SUBJECT ADDED ENTRY--TOPICAL TERM
Topical term or geographic name as entry element Ecobiology
Form subdivision Lipoytic Properties
9 (RLIN) 3388
700 ## - ADDED ENTRY--SUPERVISOR/CO-SUPERVISOR NAME
Personal name Absar, Nurul, Supervisor
9 (RLIN) 3389
Personal name Bhuiyan, N.I.M. Abdus Salam, Supervision
9 (RLIN) 3390
942 ## - ADDED ENTRY ELEMENTS (KOHA)
Source of classification or shelving scheme Dewey Decimal Classification
Koha item type Theses
Holdings
Source of classification or shelving scheme Damaged status Not for loan Collection code Permanent Location Current Location Shelving location Date of accession Source of acquisition Full call number Barcode Date last seen Copy number Thesis
Dewey Decimal Classification   Not For Loan Theses Central Library, University of Rajshahi Central Library, University of Rajshahi Documentation Section 09/10/2005 Controller of Exam.; R.U. THE 597.17 ISE 2005 D2462 02/06/2022 c-1 Theses